[Event "Superettan(Rockaden,Umea-Horndal)"]
[Site "?"]
[Date "2011.02.05"]
[Round "5"]
[White "Nygren, David"]
[Black "Angskog, Kent"]
[Result "1/2-1/2"]
[WhiteElo "2282"]
[BlackElo "2238"]
[PlyCount "31"]
[EventDate "2011.??.??"]

1. d4 c5 2. e3 Nf6 3. Nf3 g6 4. Be2 Bg7 5. O-O O-O 6. b3 cxd4 7. exd4 d5 8. Bb2
Nc6 9. Nbd2 Bf5 10. Ne5 Rc8 11. Nxc6 Rxc6 12. c4 Ne4 13. g4 Nxd2 14. Qxd2 Be6
15. c5 f5 16. Rfe1 1/2-1/2

[Event "Superettan(Rockaden,Umea-Horndal)"]
[Site "?"]
[Date "2011.02.05"]
[Round "5"]
[White "Eriksson, Magnus"]
[Black "Engman, Rickard"]
[Result "1/2-1/2"]
[WhiteElo "2101"]
[BlackElo "2245"]
[PlyCount "42"]
[EventDate "2011.??.??"]

1. d4 Nf6 2. c4 e6 3. Nf3 b6 4. Bg5 Bb7 5. Nc3 h6 6. Bh4 Be7 7. e3 Ne4 8. Bxe7
Qxe7 9. Qc2 Nxc3 10. Qxc3 O-O 11. Be2 d6 12. O-O Nd7 13. b4 e5 14. dxe5 dxe5
15. c5 e4 16. Nd4 bxc5 17. bxc5 Qxc5 18. Qxc5 Nxc5 19. Rfc1 Ne6 20. Nxe6 fxe6
21. Rxc7 Bd5 1/2-1/2

[Event "Superettan(Rockaden,Umea-Horndal)"]
[Site "?"]
[Date "2011.02.05"]
[Round "5"]
[White "Eriksson, Jorgen"]
[Black "Becker, Johnny"]
[Result "1-0"]
[WhiteElo "2275"]
[BlackElo "2105"]
[PlyCount "103"]
[EventDate "2011.??.??"]

1. d4 g6 2. e4 Nf6 3. Nc3 d5 4. exd5 Nxd5 5. Qf3 c6 6. Bc4 Be6 7. Nge2 Bg7 8.
Bb3 Na6 9. O-O Nxc3 10. bxc3 Bxb3 11. axb3 Nc7 12. Ba3 O-O 13. Ng3 Re8 14. Rfd1
a5 15. Ne4 h6 16. h4 Nb5 17. Bc1 Nd6 18. Ng3 e6 19. Bf4 Nf5 20. Nxf5 exf5 21.
h5 Re4 22. hxg6 fxg6 23. Re1 Qd5 24. Rxe4 fxe4 25. Qg3 Kh7 26. Be5 Rg8 27. Bxg7
Rxg7 28. Qe5 b6 29. Re1 Qxe5 30. dxe5 Re7 31. Rxe4 Kg7 32. f4 Kf7 33. Rd4 b5
34. c4 Ra7 35. cxb5 cxb5 36. c4 a4 37. cxb5 a3 38. Rd1 Rb7 39. Ra1 Rxb5 40.
Rxa3 g5 41. g3 gxf4 42. gxf4 Ke6 43. Ra6+ Kf5 44. Rf6+ Kg4 45. Kf2 Rxb3 46. e6
Rb2+ 47. Ke3 Rb1 48. Kd2 Rb2+ 49. Kd3 Rb1 50. f5 Re1 51. Rf7 h5 52. e7 1-0

[Event "Superettan(Rockaden,Umea-Horndal)"]
[Site "?"]
[Date "2011.02.05"]
[Round "5"]
[White "Seger, Goran"]
[Black "Lindgren, Fredrik"]
[Result "1/2-1/2"]
[WhiteElo "2026"]
[BlackElo "2218"]
[PlyCount "80"]
[EventDate "2011.??.??"]

1. e4 e5 2. Nf3 Nc6 3. Bc4 Nf6 4. d3 Be7 5. Nc3 O-O 6. a3 d6 7. h3 Be6 8. Nd5
Nd4 9. Nxd4 exd4 10. O-O Nxd5 11. exd5 Bd7 12. Bd2 Re8 13. f4 c5 14. Qf3 f5 15.
b4 b5 16. Ba2 Rc8 17. bxc5 Rxc5 18. Rac1 Qc7 19. Bb1 a5 20. Rfe1 g6 21. Re2 Bf6
22. Rce1 Rxe2 23. Rxe2 b4 24. axb4 axb4 25. Qf2 Ra5 26. Re1 Qb7 27. Qf3 Ra1 28.
Qf1 b3 29. cxb3 Qxb3 30. Rc1 Qxd5 31. Bc2 Ra2 32. Qd1 Rb2 33. Rb1 Rxb1 34. Qxb1
Kg7 35. Qb3 Qxb3 36. Bxb3 Bb5 37. Bc2 Bh4 38. Bb4 Be7 39. Kf2 Kf7 40. Ke2 Kf8
1/2-1/2

[Event "Superettan(Rockaden,Umea-Horndal)"]
[Site "?"]
[Date "2011.02.05"]
[Round "5"]
[White "Hammar, Ulf"]
[Black "Wiker, Bo"]
[Result "1-0"]
[WhiteElo "2232"]
[BlackElo "2091"]
[PlyCount "35"]
[EventDate "2011.??.??"]

1. d4 Nf6 2. Bg5 d5 3. e3 e6 4. Bd3 Be7 5. Nd2 O-O 6. f4 c5 7. c3 Nc6 8. Ngf3
cxd4 9. exd4 Qb6 10. Rb1 a5 11. Ne5 h6 12. Bxf6 Bxf6 13. Ndf3 Nxe5 14. Nxe5
Bxe5 15. fxe5 f5 16. O-O Bd7 17. Rf2 Bb5 18. Qb3 1-0

[Event "Superettan(Majorna-Burgsvik)"]
[Site "?"]
[Date "2011.02.05"]
[Round "5"]
[White "Berg, Emanuel"]
[Black "Enstrom, Henrik"]
[Result "1-0"]
[WhiteElo "2680"]
[BlackElo "2235"]
[PlyCount "55"]

1. e4 d6 2. d4 Nf6 3. Nc3 g6 4. f3 Bg7 5. Be3 O-O 6. Qd2 e5 7. Nge2 Nc6 8. d5
Ne7 9. O-O-O Ne8 10. g4 f5 11. gxf5 gxf5 12. f4 Nf6 13. fxe5 dxe5 14. exf5 Nxf5
15. Bg5 h6 16. Bxf6 Qxf6 17. Bh3 Qh4 18. Qd3 Nd6 19. Bxc8 Raxc8 20. Rhg1 Kh8
21. Ng3 Rf4 22. Rde1 Rcf8 23. Nce4 Rg4 24. Qe2 Rff4 25. Nc5 e4 26. Ne6 Qf6 27.
c3 Rf3 28. Nh5 1-0

[Event "Superettan(Majorna-Burgsvik)"]
[Site "?"]
[Date "2011.02.05"]
[Round "5"]
[White "Kall, Anders"]
[Black "Fries Nielsen, Jens Ove"]
[Result "0-1"]
[WhiteElo "2202"]
[BlackElo "2412"]
[PlyCount "120"]

1. d4 f5 2. g3 Nf6 3. Bg2 d6 4. c4 c6 5. Nf3 Qc7 6. Nc3 e5 7. dxe5 dxe5 8. O-O
Bc5 9. a3 O-O 10. b4 Be7 11. Qb3 Kh8 12. c5 Bd8 13. Rd1 Qe7 14. Qc2 Bc7 15. e3
e4 16. Nd4 Ng4 17. Nce2 Ne5 18. Bb2 Nbd7 19. Bh3 g6 20. Nf4 Nf6 21. Qb3 Re8 22.
Rd2 g5 23. Nfe2 g4 24. Bg2 h6 25. Nf4 Kh7 26. Rad1 Bd7 27. Bf1 Rad8 28. Be2 Bc8
29. a4 Nd5 30. Nxd5 Rxd5 31. Bc4 Rdd8 32. Be2 Rf8 33. a5 a6 34. Nc2 Be6 35. Qc3
Bd5 36. Ne1 Rg8 37. Ng2 Nf3+ 38. Bxf3 gxf3 39. Nf4 Bxf4 40. exf4 Qh4 41. Kh1
Qh3 42. Rg1 Rde8 43. Rxd5 cxd5 44. Qf6 Qh5 45. Rd1 Qg6 46. Qxg6+ Kxg6 47. Bd4
Kf7 48. Kg1 Ke6 49. Kf1 h5 50. h4 Kd7 51. Be3 d4 52. Bxd4 Kc6 53. Bf6 Re6 54.
Be5 Rge8 55. Ke1 R8e7 56. Rd8 Rd7 57. Rf8 Kb5 58. Rxf5 Kxb4 59. Rxh5 Rd3 60.
Rh7 Kb3 0-1

[Event "Superettan(Majorna-Burgsvik)"]
[Site "?"]
[Date "2011.02.05"]
[Round "5"]
[White "Andersson, Bjorn"]
[Black "Panas, Itai"]
[Result "1-0"]
[WhiteElo "2320"]
[BlackElo "2153"]
[PlyCount "53"]

1. e4 c5 2. Nf3 d6 3. d4 cxd4 4. Nxd4 Nf6 5. Nc3 g6 6. f3 Bg7 7. Be3 O-O 8. Qd2
Nc6 9. O-O-O d5 10. Nxc6 bxc6 11. g4 Bxg4 12. e5 Bxf3 13. exf6 Bxf6 14. Rg1
Bxd1 15. Nxd1 Qd6 16. Qf2 d4 17. Bh6 Bg7 18. Bxg7 Kxg7 19. h4 e5 20. h5 e4 21.
Qh4 f5 22. Bc4 Rae8 23. Nf2 Qf6 24. Qf4 Qe5 25. Nh3 Rf6 26. Qh4 Qh2 27. h6+ 1-0

[Event "Superettan(Majorna-Burgsvik)"]
[Site "?"]
[Date "2011.02.05"]
[Round "5"]
[White "Bende, Tobias"]
[Black "Fries Nielsen, Niels J"]
[Result "1/2-1/2"]
[WhiteElo "2113"]
[BlackElo "2410"]
[PlyCount "120"]

1. d4 Nf6 2. c4 c5 3. d5 b5 4. cxb5 a6 5. bxa6 Bxa6 6. Nc3 d6 7. Nf3 g6 8. g3
Bg7 9. Bg2 O-O 10. O-O Nbd7 11. Rb1 Qa5 12. Bd2 Qc7 13. b3 Nb6 14. Nh4 Qb7 15.
Bc1 Rab8 16. Re1 Ne8 17. Bb2 Qa7 18. Qd2 Bc8 19. a4 Qa5 20. Ba1 Nc7 21. e4 Ba6
22. f4 Qb4 23. Nf3 c4 24. a5 Nd7 25. Nd4 cxb3 26. Nc6 Qc5+ 27. Re3 Rfe8 28. Na4
Qc2 29. Qd1 Qxd1+ 30. Rxd1 b2 31. Bxb2 Bxb2 32. Nxb8 Rxb8 33. Nxb2 Rxb2 34. e5
Kf8 35. Rde1 dxe5 36. fxe5 Rd2 37. e6 Nf6 38. exf7 Nfxd5 39. Re5 Kxf7 40. h4
Bb7 41. Bf1 e6 42. a6 Bxa6 43. Bxa6 Nxa6 44. Rxe6 Nac7 45. R6e5 h5 46. R5e4 Nb5
47. Rf1+ Nf6 48. Ref4 Rd6 49. g4 hxg4 50. Rxg4 Nd4 51. Rg2 Nf5 52. Ra2 Kg7 53.
Rfa1 Re6 54. Ra6 Re5 55. R6a5 Nd5 56. Kf2 Nfe7 57. Rg1 Rf5+ 58. Ke1 Nc6 59. Ra6
Ne5 60. Kd1 Ne3+ 1/2-1/2

[Event "Superettan(Majorna-Burgsvik)"]
[Site "?"]
[Date "2011.02.05"]
[Round "5"]
[White "Akerman, Axel"]
[Black "Karle, Max"]
[Result "0-1"]
[WhiteElo "2108"]
[BlackElo "2085"]
[PlyCount "94"]

1. e4 d5 2. exd5 Qxd5 3. Nc3 Qd6 4. d4 Nf6 5. Nf3 a6 6. Be3 b5 7. Bd3 Bb7 8. a4
b4 9. Nb1 Nbd7 10. Nbd2 c5 11. Nc4 Qc7 12. Qe2 e6 13. Nfe5 cxd4 14. Bxd4 Nc5
15. c3 Nxd3+ 16. Qxd3 bxc3 17. bxc3 Bxg2 18. Rg1 Be4 19. Qe3 Bg6 20. Nb6 Rd8
21. a5 Nd5 22. Qf3 Bc5 23. Bxc5 Qxe5+ 24. Kf1 Nxb6 25. Rxg6 hxg6 26. Bxb6 Qd5
27. Qxd5 Rxd5 28. c4 Rxh2 29. Kg1 Rdh5 30. Ra2 Rh1+ 31. Kg2 Rc1 32. c5 Kd7 33.
Rb2 Ra1 34. Ba7 Kc8 35. Rb8+ Kc7 36. Rf8 Rf5 37. Bb6+ Kb7 38. Re8 Rc1 39. Re7+
Kc6 40. Rc7+ Kb5 41. Rb7 Rc4 42. Rb8 g5 43. Rd8 Rc2 44. Rd3 Rfxf2+ 45. Kg3 Rfd2
46. Rb3+ Kc4 47. Re3 f5 0-1

[Event "Superettan(Majorna-Burgsvik)"]
[Site "?"]
[Date "2011.02.05"]
[Round "5"]
[White "Fransson, Lennart"]
[Black "Krupenski, Juri"]
[Result "1-0"]
[WhiteElo "2031"]
[BlackElo "2257"]
[PlyCount "89"]

1. c4 g6 2. g3 Bg7 3. Bg2 c5 4. Nc3 Nc6 5. e4 d6 6. Nge2 f5 7. d3 Nf6 8. O-O
O-O 9. Rb1 e5 10. f4 Be6 11. Nd5 Qd7 12. a3 Rae8 13. b4 fxe4 14. dxe4 cxb4 15.
axb4 Bh3 16. b5 Bxg2 17. bxc6 Qh3 18. Nxf6+ Bxf6 19. Qd5+ Kh8 20. Rf2 bxc6 21.
Qd3 Bxe4 22. Qxe4 exf4 23. Nxf4 Qg4 24. Qd3 Be5 25. h3 Qc8 26. g4 Kg8 27. Be3
a5 28. Rbf1 a4 29. Nxg6 Rxf2 30. Rxf2 Bg7 31. Nf4 Qd8 32. Kg2 Be5 33. Nh5 Qe7
34. Qf5 Bg7 35. Bg5 Qe4+ 36. Qxe4 Rxe4 37. Rc2 Re5 38. Bf4 Re6 39. Ng3 a3 40.
Bc1 Be5 41. Nf5 Kf7 42. Bxa3 Kg6 43. Kf3 Kf7 44. Rd2 c5 45. Bb2 1-0

[Event "Superettan(Majorna-Burgsvik)"]
[Site "?"]
[Date "2011.02.05"]
[Round "5"]
[White "Linusson, Lasse"]
[Black "Bengtsson, Tage"]
[Result "0-1"]
[WhiteElo "1957"]
[BlackElo "2030"]
[PlyCount "88"]

1. e4 c6 2. Nf3 d5 3. Nc3 dxe4 4. Nxe4 Nf6 5. Qe2 Nxe4 6. Qxe4 Nd7 7. Bc4 Nf6
8. Qe2 e6 9. d4 Qc7 10. c3 Be7 11. Bg5 O-O 12. O-O c5 13. Rfe1 a6 14. a4 Bd7
15. a5 cxd4 16. Nxd4 Nd5 17. Bxe7 Nxe7 18. Bb3 Nc6 19. Nxc6 Bxc6 20. Bc2 Rad8
21. Red1 Rxd1+ 22. Qxd1 Rd8 23. Qe1 Qf4 24. Rd1 Rxd1 25. Qxd1 Qg5 26. f3 Qxa5
27. h3 g6 28. Kh1 Qe5 29. Qd2 Kg7 30. b4 Bd5 31. Kg1 Bc4 32. Kf2 b6 33. f4 Qd5
34. Qe3 Qd6 35. Be4 a5 36. bxa5 bxa5 37. g4 a4 38. h4 a3 39. h5 gxh5 40. f5
exf5 41. gxf5 h6 42. Qf3 Qd2+ 43. Kg1 Qg5+ 44. Kh1 Qh4+ 0-1

[Event "Superettan(Majorna-Burgsvik)"]
[Site "?"]
[Date "2011.02.05"]
[Round "5"]
[White "Holzmann-Ekholm, Alexander"]
[Black "Scheid, Adam"]
[Result "1-0"]
[WhiteElo "1872"]
[BlackElo "1997"]
[PlyCount "120"]

1. e4 c5 2. Nf3 Nc6 3. d4 cxd4 4. Nxd4 Nf6 5. Nc3 e5 6. Ndb5 d6 7. Bg5 a6 8.
Bxf6 gxf6 9. Na3 b5 10. Nd5 f5 11. Bd3 Be6 12. c3 Rg8 13. g3 Ra7 14. Nc2 fxe4
15. Bxe4 f5 16. Nf6+ Qxf6 17. Bxc6+ Bd7 18. Qd5 Rg7 19. O-O-O Bxc6 20. Qxc6+
Rgd7 21. Nb4 Kf7 22. Nd5 Qd8 23. Kb1 Bh6 24. Rhe1 Ke6 25. Rxe5+ Kf7 26. Rxf5+
Kg7 27. Re1 Ra8 28. Qb6 Kh8 29. Qd4+ Bg7 30. Qe4 a5 31. Rh5 h6 32. Ne7 b4 33.
c4 a4 34. Qe6 Rxe7 35. Qxe7 Qb6 36. Qe4 Rc8 37. Rf5 b3 38. a3 d5 39. Qxd5 Rd8
40. Qf3 Qd4 41. Qe2 Qd2 42. Rd5 Rxd5 43. cxd5 Qa5 44. f4 Qc5 45. Rd1 Bd4 46.
Rxd4 Qxd4 47. Qe5+ Qxe5 48. fxe5 Kg7 49. Kc1 Kg6 50. g4 Kf7 51. Kd2 Ke7 52. Kc3
Kd7 53. Kb4 Kc7 54. Kxa4 Kb6 55. e6 h5 56. gxh5 Kc7 57. h6 Kb7 58. h7 Ka7 59.
h8=Q Ka6 60. e7 Ka7 1-0

[Event "Superettan(Mark-Burgsvik)"]
[Site "?"]
[Date "2011.02.06"]
[Round "5"]
[White "Berg, Emanuel"]
[Black "Oskarsson, Bo-Lennart"]
[Result "1-0"]
[WhiteElo "2680"]
[BlackElo "2217"]
[PlyCount "77"]
[EventDate "2011.??.??"]

1. e4 e6 2. d4 d5 3. Nc3 Bb4 4. e5 c5 5. a3 Bxc3+ 6. bxc3 Ne7 7. Qg4 Qc7 8.
Qxg7 Rg8 9. Qxh7 cxd4 10. Ne2 Nbc6 11. h4 dxc3 12. Bg5 Bd7 13. f4 O-O-O 14. Rh3
d4 15. Rd1 Nf5 16. g4 Ne3 17. Bxd8 Qxd8 18. Rxd4 Nxd4 19. Rxe3 Nxe2 20. Bxe2
Rh8 21. Rxc3+ Bc6 22. Qxf7 Qxh4+ 23. Kd2 Rd8+ 24. Rd3 Rxd3+ 25. cxd3 Bd5 26.
Qf8+ Kc7 27. Qc5+ Kb8 28. f5 Qg5+ 29. Kc2 Qf4 30. Qd6+ Kc8 31. fxe6 Qa4+ 32.
Kc3 Qb3+ 33. Kd4 Bc6 34. Ke3 Qc3 35. Kf2 Qc1 36. Qf8+ Kc7 37. d4 Qa1 38. Qd6+
Kc8 39. e7 1-0

[Event "Superettan(Mark-Burgsvik)"]
[Site "?"]
[Date "2011.02.06"]
[Round "5"]
[White "Abdollahzadeh, Arash"]
[Black "Fries Nielsen, Jens Ove"]
[Result "1-0"]
[WhiteElo "2275"]
[BlackElo "2412"]
[PlyCount "215"]

1. f4 d5 2. Nf3 c6 3. g3 Nf6 4. Bg2 Qb6 5. e3 Bg4 6. a4 a5 7. h3 Bxf3 8. Bxf3
Nbd7 9. d4 Ne4 10. Bxe4 dxe4 11. O-O f5 12. b3 Qc7 13. Ba3 Nf6 14. Nd2 g5 15.
Nc4 Rg8 16. Kh2 e6 17. Bxf8 Kxf8 18. Ne5 Qg7 19. Rg1 Qh6 20. Qe2 Ke7 21. Rae1
gxf4 22. exf4 Rad8 23. Qc4 Rd5 24. b4 Nh5 25. Ref1 Nf6 26. Rg2 Rxe5 27. dxe5
Ng4+ 28. Kg1 Qxh3 29. Qc5+ Kf7 30. Rd1 Re8 31. Rd7+ Kg8 32. Qd4 e3 33. Rd8 Rxd8
34. Qxd8+ Kf7 35. bxa5 Nf2 36. Qf6+ Ke8 37. Qxe6+ Kd8 38. Qf6+ Kc8 39. Qf8+ Kc7
40. Qe7+ Kc8 41. Qf8+ Kc7 42. Qg7+ Kc8 43. Qg8+ Kc7 44. Rxf2 exf2+ 45. Kxf2
Qh2+ 46. Ke3 Qg1+ 47. Kd3 Qd1+ 48. Kc3 Qa1+ 49. Kb4 Qb2+ 50. Qb3 Qd4+ 51. c4 h5
52. Qc2 c5+ 53. Kb3 h4 54. gxh4 Qxf4 55. e6 Qe3+ 56. Qc3 Qxe6 57. h5 Kd6 58.
Qf3 Qe1 59. Qd5+ Ke7 60. Qxc5+ Kf6 61. Qb6+ Kg5 62. Qg6+ Kf4 63. Qd6+ Kg5 64.
h6 Qb1+ 65. Kc3 Qc1+ 66. Kb4 Qb2+ 67. Kc5 Qa3+ 68. Kd5 Qd3+ 69. Ke6 Qxc4+ 70.
Ke7 Qc3 71. Kf7 Qc4+ 72. Kf8 Qc8+ 73. Kg7 Qc3+ 74. Kh7 f4 75. Qe7+ Kh5 76. Qf7+
Kh4 77. Qxf4+ Kh5 78. Qf7+ Kh4 79. Qxb7 Qd3+ 80. Kg8 Qd6 81. Kh8 Qf6+ 82. Qg7
Qd8+ 83. Kh7 Qd3+ 84. Kg8 Qd8+ 85. Qf8 Qd5+ 86. Kh7 Qe5 87. Kg6 Qg5+ 88. Kh7
Qe5 89. Qf2+ Kh5 90. Qf3+ Kg5 91. Qg2+ Kh4 92. a6 Qc7+ 93. Qg7 Qc4 94. Qg6 Qc7+
95. Kg8 Qd8+ 96. Kg7 Qc7+ 97. Qf7 Qg3+ 98. Kh8 Qb8+ 99. Kg7 Qg3+ 100. Qg6 Qc7+
101. Kg8 Qd8+ 102. Kf7 Qd7+ 103. Kf6 Qd8+ 104. Kf5 Qd5+ 105. Kf6 Qd4+ 106. Ke7
Qa7+ 107. Kf8 Qb8+ 108. Kg7 1-0

[Event "Superettan(Mark-Burgsvik)"]
[Site "?"]
[Date "2011.02.06"]
[Round "5"]
[White "Andersson, Bjorn"]
[Black "Forsberg, Timmy"]
[Result "1-0"]
[WhiteElo "2320"]
[BlackElo "2183"]
[PlyCount "133"]

1. e4 c5 2. Nf3 Nc6 3. d4 cxd4 4. Nxd4 Nf6 5. Nc3 e5 6. Ndb5 d6 7. Bg5 a6 8.
Na3 b5 9. Nd5 Be7 10. Bxf6 Bxf6 11. c4 b4 12. Nc2 Rb8 13. b3 a5 14. g3 Bg5 15.
Bg2 O-O 16. O-O Be6 17. Qd3 Bxd5 18. Qxd5 Nd4 19. Nxd4 exd4 20. f4 Bf6 21. Rae1
Rc8 22. e5 dxe5 23. fxe5 Bg5 24. e6 Be3+ 25. Kh1 fxe6 26. Qxe6+ Kh8 27. Rxf8+
Qxf8 28. Rf1 Qd8 29. Be4 Bh6 30. Qf5 g6 31. Qh3 Kg7 32. Bd5 Rc7 33. Qe6 Kh8 34.
Qb6 Rd7 35. Qxd4+ Bg7 36. Qe4 Re7 37. Qd3 Re5 38. Kg2 Qe8 39. Bf3 Re3 40. Qd5
Re5 41. Qd2 Qe7 42. Rd1 Bf6 43. h4 Kg7 44. Qd7 Qxd7 45. Rxd7+ Re7 46. Rd3 Re5
47. Rd7+ Re7 48. Rd6 Re5 49. Ra6 Be7 50. Ra7 Kf6 51. g4 h6 52. Bd5 Re2+ 53. Kf1
Rf2+ 54. Ke1 Rxa2 55. g5+ hxg5 56. hxg5+ Kxg5 57. Rxe7 a4 58. bxa4 b3 59. c5
Ra1+ 60. Kd2 b2 61. Be4 Rxa4 62. Bc2 Ra5 63. Rc7 Ra1 64. Rb7 Ra5 65. c6 Rd5+
66. Ke3 Rc5 67. Be4 1-0

[Event "Superettan(Mark-Burgsvik)"]
[Site "?"]
[Date "2011.02.06"]
[Round "5"]
[White "Sixtensson, Mikael"]
[Black "Fries Nielsen, Niels J"]
[Result "0-1"]
[WhiteElo "2256"]
[BlackElo "2410"]
[PlyCount "86"]

1. Nf3 g6 2. g3 Bg7 3. d4 c5 4. c3 Qa5 5. dxc5 Qxc5 6. Be3 Qa5 7. Nbd2 Nc6 8.
Bg2 Nf6 9. Nb3 Qc7 10. Nfd4 O-O 11. O-O d6 12. h3 Bd7 13. Rc1 Ne5 14. c4 Ba4
15. f4 Ned7 16. Nb5 Qb8 17. Nc3 Bc6 18. Nd5 Nxd5 19. cxd5 Ba4 20. Qd3 Bxb2 21.
Rb1 Bg7 22. Na5 Qc7 23. Nxb7 Bc2 24. Rbc1 Rfc8 25. Qa6 Bb2 26. Rce1 Bc3 27. Rc1
Bb2 28. Rce1 Rab8 29. Na5 Nc5 30. Bxc5 Qxc5+ 31. Kh2 Rc7 32. Nb3 Qb4 33. Qa5
Qc4 34. Qd2 Qc3 35. Qxc3 Bxc3 36. Rc1 Bb2 37. Rce1 Bxb3 38. axb3 Rxb3 39. Rb1
a5 40. Be4 a4 41. Rbd1 a3 42. Bb1 Re3 43. Bd3 Rc5 0-1

[Event "Superettan(Mark-Burgsvik)"]
[Site "?"]
[Date "2011.02.06"]
[Round "5"]
[White "Akerman, Axel"]
[Black "Voigt, Lennart"]
[Result "1-0"]
[WhiteElo "2108"]
[BlackElo "2165"]
[PlyCount "105"]

1. e4 e6 2. d4 d5 3. Nc3 Bb4 4. e5 Qd7 5. Bd2 b6 6. f4 Ba6 7. Bxa6 Nxa6 8. Qe2
Nb8 9. Nf3 Nc6 10. a3 Bf8 11. Nd1 h5 12. Ne3 Nge7 13. g3 Nf5 14. Nxf5 exf5 15.
b4 Nd8 16. c4 Be7 17. Kf2 Ne6 18. b5 h4 19. a4 O-O-O 20. Be3 dxc4 21. Qxc4 Qd5
22. Qc2 Rh5 23. a5 Rdh8 24. gxh4 Bxh4+ 25. Kg2 R8h6 26. Qe2 Bg5 27. fxg5 Nxg5
28. Bxg5 Rxg5+ 29. Kf2 Rg4 30. axb6 axb6 31. Qa2 Qxb5 32. Qa6+ Qxa6 33. Rxa6
Rc6 34. Re1 Kd7 35. Ra3 Ke6 36. h3 Rc2+ 37. Re2 Rg2+ 38. Kxg2 Rxe2+ 39. Kg3 f6
40. Rc3 c5 41. dxc5 bxc5 42. exf6 Kxf6 43. Rxc5 Re6 44. h4 g6 45. Ng5 Ra6 46.
Nh7+ Ke6 47. Ng5+ Kf6 48. Nf3 Rb6 49. Rc4 Ra6 50. Kf4 Ra2 51. Rc6+ Kg7 52. Ne5
Ra4+ 53. Kg5 1-0

[Event "Superettan(Mark-Burgsvik)"]
[Site "?"]
[Date "2011.02.06"]
[Round "5"]
[White "Svensson, Leif"]
[Black "Krupenski, Juri"]
[Result "0-1"]
[WhiteElo "2160"]
[BlackElo "2257"]
[PlyCount "54"]

1. d4 f5 2. e4 fxe4 3. Nc3 Nf6 4. Bg5 c6 5. Bxf6 exf6 6. Nxe4 d5 7. Ng3 Bd6 8.
Bd3 O-O 9. Qd2 f5 10. Nf3 f4 11. Ne2 Bg4 12. O-O-O Nd7 13. Rde1 b5 14. Kb1 b4
15. Nfg1 Qf6 16. f3 Be6 17. g3 c5 18. Nxf4 Bf7 19. Bb5 Nb6 20. dxc5 Bxc5 21.
Nd3 Bxg1 22. Rhxg1 a6 23. Qxb4 axb5 24. Qxb5 Rfb8 25. Kc1 Nc4 26. Qd7 Rxa2 27.
c3 Raxb2 0-1

[Event "Superettan(Mark-Burgsvik)"]
[Site "?"]
[Date "2011.02.06"]
[Round "5"]
[White "Linusson, Lasse"]
[Black "Olofsson, Hans-Erik"]
[Result "0-1"]
[WhiteElo "1957"]
[BlackElo "2089"]
[PlyCount "118"]

1. e4 c5 2. Nf3 e6 3. b4 cxb4 4. a3 Nc6 5. axb4 Bxb4 6. c3 Be7 7. d4 d5 8. e5
Qc7 9. Ba3 Bd7 10. Bd3 Na5 11. O-O Nc4 12. Bxe7 Nxe7 13. Qe2 Ng6 14. g3 a5 15.
h4 a4 16. Na3 b5 17. Rfb1 Qa5 18. Rc1 Ne7 19. Ng5 h6 20. Nh3 Rc8 21. Nb1 Nc6
22. Qg4 Kf8 23. Nf4 N4xe5 24. dxe5 Nxe5 25. Qd1 g5 26. hxg5 hxg5 27. Qe2 f6 28.
Ng6+ Nxg6 29. Bxg6 d4 30. Nd2 Kg7 31. Bd3 dxc3 32. Qe4 Rh6 33. Nb3 Qb6 34. Nd4
b4 35. Rxa4 Bxa4 36. Nxe6+ Kf7 37. Nxg5+ fxg5 38. Qf5+ Qf6 39. Qxc8 Qc6 40.
Qf5+ Qf6 41. Bc4+ Kg7 42. Qd5 Qe7 43. Qd4+ Kf8 44. Qd5 Kg7 45. Qd4+ Rf6 46. Qd5
Rd6 47. Qg8+ Kf6 48. Qh8+ Kg6 49. Qg8+ Kf5 50. Bf1 c2 51. Qc8+ Kf6 52. Qh8+ Kg6
53. Ra1 Rd1 54. Qg8+ Qg7 55. Qe6+ Qf6 56. Qg8+ Kh6 57. Rc1 Rxc1 58. Kg2 Rxf1
59. Kxf1 c1=Q+ 0-1

[Event "Superettan(Mark-Burgsvik)"]
[Site "?"]
[Date "2011.02.06"]
[Round "5"]
[White "Frisk, Anders"]
[Black "Scheid, Adam"]
[Result "1/2-1/2"]
[WhiteElo "1858"]
[BlackElo "1997"]
[PlyCount "133"]

1. c4 e5 2. Nc3 Nc6 3. Nf3 g6 4. g3 Bg7 5. Bg2 d6 6. O-O f5 7. d3 Nf6 8. Rb1 a5
9. a3 O-O 10. b4 axb4 11. axb4 Ne7 12. Qb3 h6 13. c5+ Kh7 14. cxd6 Qxd6 15. Nd2
c6 16. Nc4 Qc7 17. Be3 Nfd5 18. Nxd5 cxd5 19. Nb6 Ra6 20. Rfc1 Qd8 21. Nxc8
Nxc8 22. Qxd5 Qxd5 23. Bxd5 Nd6 24. Bc5 b5 25. Ra1 Rxa1 26. Rxa1 Rd8 27. Ra6
Ne8 28. Bf7 Nf6 29. Rb6 e4 30. d4 g5 31. e3 f4 32. gxf4 gxf4 33. exf4 Nd5 34.
Bxd5 Rxd5 35. Rxb5 Bxd4 36. Rb7+ Kg6 37. Bxd4 Rxd4 38. Rb5 Rd1+ 39. Kg2 Rb1 40.
Kg3 Rb3+ 41. Kg4 Rf3 42. Re5 Rxf2 43. h4 Rg2+ 44. Kh3 Rb2 45. b5 e3 46. h5+ Kf6
47. Kg4 e2 48. b6 Rxb6 49. Rxe2 Ra6 50. Rb2 Ra5 51. Rb6+ Kg7 52. Rg6+ Kh7 53.
Re6 Kg7 54. Re5 Ra7 55. Kf5 Rf7+ 56. Ke4 Ra7 57. Re6 Ra5 58. Rg6+ Kh7 59. f5
Rb5 60. Rd6 Kg7 61. Rd5 Rb1 62. Ke5 Re1+ 63. Kf4 Rf1+ 64. Ke5 Re1+ 65. Kd6 Kf6
66. Kd7 Rh1 67. Rd6+ 1/2-1/2

[Event "Superettan(Lulea-Horndal)"]
[Site "?"]
[Date "2011.02.06"]
[Round "5"]
[White "Rorvall, Goran"]
[Black "Setterqvist, Kurt"]
[Result "1/2-1/2"]
[WhiteElo "2197"]
[BlackElo "2341"]
[PlyCount "34"]
[EventDate "2011.??.??"]
[SourceDate "2011.02.21"]

1. e4 e6 2. d3 d5 3. Nd2 c5 4. Ngf3 Nc6 5. g3 Bd6 6. Bg2 Nge7 7. O-O O-O 8. Re1
Qc7 9. c3 Bd7 10. Qe2 f6 11. a4 Rae8 12. h4 a6 13. Nf1 d4 14. Bd2 e5 15. cxd4
cxd4 16. Rec1 Qb6 17. Be1 Be6 1/2-1/2

[Event "Superettan(Lulea-Horndal)"]
[Site "?"]
[Date "2011.02.06"]
[Round "5"]
[White "Marklund, Niklas"]
[Black "Olsson, Krister"]
[Result "1/2-1/2"]
[WhiteElo "2240"]
[BlackElo "2279"]
[PlyCount "140"]
[EventDate "2011.??.??"]

1. d4 Nf6 2. c4 c5 3. d5 b5 4. Nf3 g6 5. cxb5 a6 6. e3 Bg7 7. Nc3 O-O 8. a4 Bb7
9. e4 e6 10. Bg5 Qa5 11. Bd2 Qd8 12. Qb3 exd5 13. exd5 Re8+ 14. Be3 Qa5 15. Bc4
axb5 16. Qxb5 Ne4 17. O-O Nd6 18. Qxa5 Rxa5 19. Nd2 Rc8 20. Bf4 Nf5 21. Bxb8
Rxb8 22. Nb3 Raa8 23. Nxc5 Rc8 24. N3e4 Bxb2 25. Rab1 Bd4 26. Rxb7 Bxc5 27. Bb5
d6 28. Rd7 Rd8 29. Rc1 Bb4 30. Rcc7 Rxd7 31. Rxd7 Nd4 32. g3 Nxb5 33. axb5 Rb8
34. Ng5 Rxb5 35. Nxf7 Rxd5 36. Nh6+ Kf8 37. Rxh7 Bc5 38. Rf7+ Ke8 39. Rg7 g5
40. Kg2 Re5 41. Ng4 Rf5 42. Ne3 Bxe3 43. fxe3 Kf8 44. Rd7 Rf6 45. e4 g4 46. Ra7
Re6 47. Ra4 Re5 48. Kf2 Rh5 49. Kg2 Rb5 50. h4 gxh3+ 51. Kxh3 Kf7 52. Kg4 Rb1
53. Kg5 Ke6 54. g4 Ke5 55. Kg6 Rb6 56. Kh5 Kf4 57. g5 Rb5 58. e5+ Kxe5 59. g6
Rb8 60. g7 d5 61. Rg4 Rg8 62. Kg6 d4 63. Kf7 Rxg7+ 64. Kxg7 d3 65. Rg1 Ke4 66.
Kf6 d2 67. Ke6 Ke3 68. Kd5 Ke2 69. Ke4 d1=Q 70. Rxd1 Kxd1 1/2-1/2

[Event "Superettan(Lulea-Horndal)"]
[Site "?"]
[Date "2011.02.06"]
[Round "5"]
[White "Bengts, Torleif"]
[Black "Engstrom, Kaj"]
[Result "0-1"]
[WhiteElo "2176"]
[BlackElo "2289"]
[PlyCount "58"]
[EventDate "2011.??.??"]

1. e4 c5 2. c3 d5 3. exd5 Qxd5 4. d4 e5 5. Nf3 Nc6 6. Be3 cxd4 7. cxd4 Bg4 8.
dxe5 Qxd1+ 9. Kxd1 O-O-O+ 10. Nbd2 Bb4 11. Kc1 Nge7 12. Be2 Nd5 13. Nc4 Nxe3
14. fxe3 Rhe8 15. a3 Bc5 16. b4 b5 17. bxc5 bxc4 18. Bxc4 Bxf3 19. gxf3 Rxe5
20. Ra2 Rxe3 21. Bxf7 Rxf3 22. Be6+ Kc7 23. Rg1 g6 24. Rg3 Rf1+ 25. Kb2 Rb8+
26. Kc3 Rc1+ 27. Kd2 Rxc5 28. Rd3 Ne5 29. Rd4 Nf3+ 0-1

[Event "Superettan(Lulea-Horndal)"]
[Site "?"]
[Date "2011.02.06"]
[Round "5"]
[White "Marcussen, Arno"]
[Black "Angskog, Kent"]
[Result "1-0"]
[WhiteElo "2109"]
[BlackElo "2238"]
[PlyCount "89"]
[EventDate "2011.??.??"]

1. c4 g6 2. g3 Bg7 3. Bg2 e5 4. Nc3 Ne7 5. d3 O-O 6. e4 d6 7. Nge2 f5 8. Bg5 h6
9. Be3 g5 10. f4 gxf4 11. gxf4 Ng6 12. exf5 exf4 13. Bf2 Rxf5 14. Be4 Nc6 15.
Rg1 Nge5 16. Qd2 Rg5 17. O-O-O f3 18. Nd4 Nxd4 19. Bxd4 Bh3 20. Be3 Rg2 21.
Rxg2 Bxg2 22. Bxh6 Ng4 23. Bxg7 Kxg7 24. Qf4 Qh4 25. Bxf3 Bxf3 26. Qxf3 Rf8 27.
Qxb7 Qxh2 28. Qxc7+ Rf7 29. Qa5 Ne5 30. Ne4 Nxd3+ 31. Rxd3 Rf1+ 32. Rd1 Rxd1+
33. Kxd1 Qh1+ 34. Kd2 Qxe4 35. Qg5+ Kf7 36. Qh5+ Kg7 37. Qg5+ Kf7 38. Qh5+ Kg7
39. Qe2 Qd4+ 40. Kc2 a5 41. Qg2+ Kf6 42. Qf3+ Kg5 43. Qg2+ Kh4 44. Qe2 Kg3 45.
Qd3+ 1-0